| 000 | 00649 a2200205 4500 | ||
|---|---|---|---|
| 001 | 63158 | ||
| 005 | 20260407155927.0 | ||
| 008 | 260407a1994 arg spa d | ||
| 003 | AR-UNSa-BCEJYS | ||
| 040 |
_aAR-UNSa-BCEJYS _bspa _cAR-UNSa-BCEJYS |
||
| 080 |
_a334.72 _xEmpresas según sus relaciones de propiedad, fuentes de financiación y ámbito de actividad |
||
| 245 | 1 | 0 | _aEmpresas e inversiones en el Mercosur |
| 020 | _a978-950-20-0715-1 | ||
| 264 | 1 |
_aBuenos Aires : _bAbeledo Perrot _c1994 |
|
| 300 | _a572 p. | ||
| 041 | _aspa | ||
| 942 | _cBK | ||
| 590 | _aniveau_biblio:m niveau_hierar:0 | ||
| 100 | 1 | _aMeirovich de Aguinis, Ana María | |
| 999 |
_c8005 _d8005 |
||